000 00654nam a2200193 i 4500
001 63584
003 ES-MaACL
005 20260610142458.0
007 t|
008 031212s1934 fr ||||1| fre d
100 1 _aFerro, Antonio.
_950591
245 1 0 _aSalazar de Portugal et son chef /
_cAntonio Ferro ; traduit du portugais par Fernanda de Castro ; precede d'une note sur l'idee de dictature par Paul Valery.
260 _aParis :
_b[s.n.],
_c1934 (
_fFloch A. mayenne)
300 _a334 p. ;
_c19 cm.
700 1 _aCastro, Fernanda de.
_936853
700 1 _aValéry, Paul,
_d1871-1945
_9243197
852 _aES-MaACL
_jA-3179
999 _c63584
_d63584